| 000 | 01137 a2200205 4500 | ||
|---|---|---|---|
| 001 | 53348 | ||
| 005 | 20260407155808.0 | ||
| 008 | 260407a1965 arg spa d | ||
| 003 | AR-UNSa-BCEJYS | ||
| 040 |
_aAR-UNSa-BCEJYS _bspa _cAR-UNSa-BCEJYS |
||
| 080 |
_a339.9 _xEconomía internacional en general. Relaciones económicas internacionales. Economía mundial |
||
| 245 | 1 | 0 |
_aHistoria económica de Europa _p1960-1939 |
| 250 | _a3a. ed. | ||
| 264 | 1 |
_aBarcelona : _bLuis Miracle _c1965 |
|
| 300 |
_a330 p. _c21 cm. |
||
| 505 | _a1. La Revolución Industrial - 2. La Revolución agraria - 3. La Revolución en el transporte - 4. La revolución en el comercio - 5. La revolución política comercial - 6. Moneda, banca e inversión - 7. El socialismo y el problema social - 8. El movimiento obrero político - 9. El movimiento sindical obrero - 10. El movimiento cooperativo - 11. Participación en los beneficios y coasociación - 12. La legislación industrial - 13. Las leyes de benficiencia - 14. El seguro social - 15. Tendencias modernas | ||
| 942 | _cBK | ||
| 590 | _aniveau_biblio:m niveau_hierar:0 | ||
| 100 | 1 | _aBirnie, Arthur | |
| 999 |
_c5204 _d5204 |
||